00738nam a2200181 a 450000100100000000500170001000800410002702000150006804000250008308200130010810000260012124501730014726000310032030000210035150000560037295201110042899900170053900004056620201002034223.0130902s1998 mx 000 0 spa d a9681803841 aDO-SdBNPbspacBNPHU axxxbxxx1 aRobb, Louis A.96688810aDiccionario de términos legales = Dictionary of legal terms :bespañol - inglés e inglés - español = spanish - english and english - spanish /cLouis A. Robb. aMéxico :bLimusa,c1998. a228 p. ;c23 cm. aLa biblioteca posee la vigesimocuarta reimpresión 001050718MOaGRbGRcCTd2013-09-02iLF1l0oxxx xxxp40566-10r2020-06-25w2020-06-25y1ZNo se presta c40056d40056